000 00885nas a2200265 4500
001 BR2012007349
003 BR-BrBNA
005 20231205121311.0
007 ta
008 230509b bl.|||p| |||| 00| 00por d
040 _aBR-BrBNA
_bpor
_cBiblioteca Nacional de Agricultura
041 _a(En)
072 _aH10; H20
100 1 _aMoraes, C.P. de
100 1 _aFoerster, L.A.
245 1 _aToxicity and residual control of Plutella xylostella L. (Lepidoptera: Plutellidae)with Bacillus thuringiensis Berliner and insecticides
650 _aPLUTELLA XYLOSTELLA
650 _aTRAÇA DAS CRUCÍFERAS
650 _aBACILLUS THURINGIENSIS
650 _aBACTÉRIA
650 _aINIBIDOR DE CRESCIMENTO
773 0 _tCiência Rural (Brazil)
_xISSN 0103-8478
_g(Aug 2012), v. 42(8) p. 1335-1340
_wBR2012007349
909 _a202311
_bLúcia
_c55
_dLúcia Elande
942 _2AGRIS
_n0
_cANA
999 _c222824
_d222824